|
|
|
|
| LEADER |
01078nam a22002894a 4500 |
| 001 |
41331 |
| 003 |
BD-DhAAL |
| 008 |
230605t2010 nju b 001 0 eng d |
| 010 |
|
|
|a 2009011023
|
| 020 |
|
|
|a 0136094236
|
| 020 |
|
|
|a 9780136094234
|
| 040 |
|
|
|a DLC
|c DLC
|d BD-DhAAL
|
| 050 |
0 |
0 |
|a HF5415.2
|b .M29 2010
|
| 082 |
0 |
0 |
|a 658.83
|2 23
|
| 100 |
1 |
|
|a Malhotra, Naresh K.
|
| 245 |
1 |
0 |
|a Marketing research :
|b an applied orientation /
|c Naresh K. Malhotra.
|
| 250 |
|
|
|a Sixth edition.
|
| 260 |
|
|
|a Upper Saddle River, NJ :
|b Pearson,
|c c2010.
|
| 300 |
|
|
|a vii, 929 pages ;
|c 28 cm.
|
| 504 |
|
|
|a Includes bibliographical references (pages 866-905) and index.
|
| 541 |
|
|
|e 41331
|
| 650 |
|
0 |
|a Marketing research.
|
| 650 |
|
0 |
|a Marketing research
|x Methodology.
|
| 852 |
|
|
|a Ayesha Abed Library
|c General Stacks
|
| 942 |
|
|
|2 ddc
|c BK
|
| 999 |
|
|
|c 45847
|d 45847
|
| 952 |
|
|
|0 0
|1 0
|2 ddc
|4 0
|6 658_830000000000000_MAL
|7 0
|9 73736
|a BRACUL
|b BRACUL
|c GEN
|d 2023-06-05
|l 2
|m 9
|o 658.83 MAL
|p 3010041331
|r 2025-12-08
|s 2025-10-11
|t 1
|w 2023-06-05
|y BK
|x Replaced with the Accession no. of previous Accession no. 9160
|